000
00328nam a22001577a 4500
005
20160530141340.0
008
160530b xxu||||| |||| 00| 0 eng d
041
_a
eng
082
_b
6073
100
_a
RC & M
_9
1536
245
_a
Brand Experience
260
_c
2007
300
_a
3
650
_a
Management
_9
241
942
_c
BK
999
_c
2167
_d
2166